MARC details
| 000 -CABECERA |
| campo de control de longitud fija |
02632nam a2200337 i 4500 |
| 003 - IDENTIFICADOR DEL NÚMERO DE CONTROL |
| campo de control |
DO-SdBNP |
| 005 - FECHA Y HORA DE LA ÚLTIMA TRANSACCIÓN |
| campo de control |
20260521203509.0 |
| 007 - CAMPO FIJO DE DESCRIPCIÓN FÍSICA--INFORMACIÓN GENERAL |
| campo de control de longitud fija |
ta |
| 008 - DATOS DE LONGITUD FIJA--INFORMACIÓN GENERAL |
| campo de control de longitud fija |
210824e2018 dr ao||gr|||| 001 edspa d |
| 020 ## - NÚMERO INTERNACIONAL ESTÁNDAR DEL LIBRO |
| Número Internacional Estándar del Libro |
9789945169218 |
| 040 ## - FUENTE DE LA CATALOGACIÓN |
| Centro catalogador/agencia de origen |
DO-SdBNP |
| Lengua de catalogación |
spa |
| Centro/agencia transcriptor |
BNPHU |
| Normas de descripción |
rda |
| 041 ## - CÓDIGO DE LENGUA |
| Código de lengua del texto/banda sonora o título independiente |
spa |
| 082 #4 - NÚMERO DE LA CLASIFICACIÓN DECIMAL DEWEY |
| Número de clasificación |
610.711.7293 |
| Número de documento/Ítem |
Y47a |
| Número de edición |
22 |
| 100 1# - ENTRADA PRINCIPAL--NOMBRE DE PERSONA |
| 9 (RLIN) |
10149 |
| Nombre de persona |
Yermenos Forastieri, Pedro Pablo |
| Término indicativo de función/relación |
autor |
| Código de función/relación |
aut. |
| 245 13 - MENCIÓN DE TÍTULO |
| Título |
Apuntes de la promoción 1961-67-68 / |
| Mención de responsabilidad, etc. |
Pablo Yermenos Forastieris ; cuidado de edición, Pablo Yermenos Forestieri ; diagramación, Juan Francisco Domínguez Novas. |
| 250 ## - MENCIÓN DE EDICIÓN |
| Mención de edición |
Primera edición |
| 264 #4 - PRODUCCIÓN, PUBLICACIÓN, DISTRIBUCIÓN, FABRICACIÓN Y COPYRIGHT |
| Producción, publicación, distribución, fabricación y copyright |
Santo Domingo : |
| Nombre del de productor, editor, distribuidor, fabricante |
Editora Búho, |
| Fecha de producción, publicación, distribución, fabricación o copyright |
©2018 |
| 300 ## - DESCRIPCIÓN FÍSICA |
| Extensión |
141 páginas : |
| Otras características físicas |
ilustraciones, fotografías ; |
| Dimensiones |
23 cm |
| 336 ## - TIPO DE CONTENIDO |
| Término de tipo de contenido |
texto |
| Código de tipo de contenido |
txt |
| Fuente |
rdacontent |
| 337 ## - TIPO DE MEDIO |
| Nombre/término del tipo de medio |
sin mediación |
| Código del tipo de medio |
n |
| Fuente |
rdamedia |
| 338 ## - TIPO DE SOPORTE |
| Nombre/término del tipo de soporte |
volumen |
| Código del tipo de soporte |
nc |
| Fuente |
rdacarrier |
| 505 ## - NOTA DE CONTENIDO CON FORMATO |
| Nota de contenido con formato |
Dedicatoria, 7.-- Reflexiones (a manera de prólogo), 13.-- Introducción, 19.-- Listado de compañeros, 21.-- Listado de encuentros, 28.-- 13 Aniversario. Invitación (1), 29.-- Comité organizador, 29.-- Aviso 1 (comunicación), 30.-- Aviso 2 (cuota definitiva), 31.-- Aviso 3 (El Sol, 13-10-1980), 32.-- Cartelera AMD, 32.-- Invitación a misa, 33.-- Recordatorio, 33.-- 15 Aniversario. Fotografía colectiva, 35.-- 20 Aniversario. Fotografía colectiva, 38.-- 25 Aniversario. Comité organizador, 41.-- Comunicación (20-7-1992), 41.-- Notas de organización, 43.-- Aviso (11-11-1992), 44.-- Páginas fotográficas, 45.-- 30 Aniversario. Programa, 53.-- Fotografía colectiva, 54.-- 35 Aniversario. Anfitriones, 57.-- Fotografía colectiva, 58.-- 40 Aniversario. Nota de prensa, 61.-- Comité organizador, 61.-- Información y reuniones, 62.-- Correspondencias, 62.-- Programas, 65.-- Páginas fotográficas, 66.-- Reseña histórica (1), 71.-- Balance económico, 83.-- 45 Aniversario. Explicaciones, 85.-- Páginas fotográficas, 88.-- 48 Aniversario. Solicitud (1), 90.-- Asistentes, 92.-- Solicitud (2) y Comité organizador, 93.-- 49 Aniversario. Almuerzo de intercambio, 94.-- 50 Aniversario. Comité organizador, 95.-- Programa y guión, 95.-- Reseña histórica (2), 97.-- Páginas fotográficas, 117.-- Libros y contenidos, 123. |
| 590 ## - NOTA LOCAL (RLIN) |
| Nota local |
Inventariado 2021 / MF |
| 610 10 - PUNTO DE ACCESO ADICIONAL DE MATERIA--NOMBRE DE ENTIDAD CORPORATIVA |
| Nombre de entidad corporativa o nombre de jurisdicción como elemento de entrada |
Universidad Autónoma de Santo Domingo |
| 9 (RLIN) |
72951 |
| Subdivisión general |
Estudiantes |
| 650 ## - PUNTO DE ACCESO ADICIONAL DE MATERIA--TÉRMINO DE MATERIA |
| Término de materia o nombre geográfico como elemento de entrada |
Médicos |
| Subdivisión geográfica |
República Dominicana |
| 9 (RLIN) |
81261 |
| 650 #0 - PUNTO DE ACCESO ADICIONAL DE MATERIA--TÉRMINO DE MATERIA |
| Término de materia o nombre geográfico como elemento de entrada |
Educación médica |
| Subdivisión general |
Historia |
| Subdivisión geográfica |
República Dominicana |
| 9 (RLIN) |
82474 |
| 700 1# - PUNTO DE ACCESO ADICIONAL--NOMBRE DE PERSONA |
| Nombre de persona |
Domínguez Novas, Juan Francisco, |
| Término indicativo de función/relación |
diagramador |
| Código de función/relación |
di |
| 9 (RLIN) |
73382 |
| 700 1# - PUNTO DE ACCESO ADICIONAL--NOMBRE DE PERSONA |
| Nombre de persona |
Yermenos Forastieri, Pablo, |
| Término indicativo de función/relación |
editor |
| Código de función/relación |
ed. |
| 9 (RLIN) |
36154 |
| 910 ## - DATOS DE OPCIÓN DEL USUARIO (OCLC) |
| Datos de opción del usuario |
LP |
| 942 ## - ELEMENTOS DE PUNTO DE ACCESO ADICIONAL (KOHA) |
| Fuente del sistema de clasificación o colocación |
Dewey Decimal Classification |
| Tipo de ítem Koha |
Libro |